Η αξιολόγηση της σχολικής επίδοσης : δυνατότητες και όρια
Αποθηκεύτηκε σε:
| Κύριος συγγραφέας: | |
|---|---|
| Μορφή: | Βιβλίο |
| Γλώσσα: | Greek |
| Δημοσίευση: |
Θεσσαλονίκη :
Αφοί Κυριακίδη ,
1985
|
| Σειρά: | Παιδαγωγικές μελέτες και έρευνες ;
; 1 |
| Θέματα: | |
| Ετικέτες: |
Προσθήκη ετικέτας
Δεν υπάρχουν, Καταχωρήστε ετικέτα πρώτοι!
|
MARC
| LEADER | 00000nam a2200000 i 4500 | ||
|---|---|---|---|
| 001 | 1/22349 | ||
| 008 | 960712s1985 gre d | ||
| 035 | |a 1986 |c Αγορά |l 10036536 | ||
| 040 | |a GR-MY-UA |b gre |e aacr | ||
| 041 | 0 | |a gre | |
| 082 | 0 | |a 371.27 | |
| 100 | 1 | |a Παπαναούμ-Τζίκα, Ζωή. | |
| 245 | 1 | 2 | |a Η αξιολόγηση της σχολικής επίδοσης : |b δυνατότητες και όρια / |c Ζωή Παπαναούμ-Τζίκα |
| 260 | |a Θεσσαλονίκη : |b Αφοί Κυριακίδη , |c 1985 | ||
| 300 | |a 58 σ. | ||
| 490 | 1 | |a Παιδαγωγικές μελέτες και έρευνες |v ; 1 | |
| 650 | 0 | 0 | |a Students |x Rating of. |
| 650 | 0 | 0 | |a Educational accountability. |
| 650 | 0 | 0 | |a Educational tests and measurements. |
| 830 | 0 | |a Παιδαγωγικές μελέτες και έρευνες ; |v ; 1 | |
| 852 | |a INST |b RHODES |e 19960712 |h 371.27 ΠΑΠ |p 005400004202 |q 005400004202 |t BK |y 0 | ||
| 909 | |a Ρ |b 003223 |c 1986 | ||